000 00668nam a2200241Ia 4500
003 GCL
008 140319s9999 xx 000 0 eng d
040 _aGCL /
_cGCL
082 0 4 _a621.3815
_bM D
100 1 _aSMITH, MARK W.
245 1 0 _aDIGITAL FILTERING: A COMPUTER LABORATORY TEXTBOOK /
_cSMITH, MARK W.
700 1 _aMERSEREAU, RUISELL
260 _a[S.N] :
_bJOHN WILEY AND SONS. INC ،
_c1993
300 _a224 P
650 0 4 _aDESIGN - CONSTRUCTION
650 0 4 _aSIGNAL PROCESSING
650 0 4 _aDATA PROCESSING
650 0 4 _aDIGITAL TECHNIQUES
650 0 4 _aELECTRIC FILTERS
650 0 4 _aDIGITAL
650 0 4 _aDIGITAL FILTERS
942 _2ddc
_cBK
999 _c24880
_d24880